Administrative Law (Record no. 3303)

MARC details
000 -LEADER
fixed length control field 00623 a2200205 4500
020 ## - INTERNATIONAL STANDARD BOOK NUMBER
Terms of availability 600.00
035 ## - SYSTEM CONTROL NUMBER
System control number B-119957
037 ## - SOURCE OF ACQUISITION
Source of stock number/acquisition RP-ZLS-2348 / UBH-05-06:13 / RP-05-06:ENG
082 14 - DEWEY DECIMAL CLASSIFICATION NUMBER
Classification number 342.5406
090 ## - LOCALLY ASSIGNED LC-TYPE CALL NUMBER (OCLC); LOCAL CALL NUMBER (OCLC)
-- 3370
-- 3370
100 1# - MAIN ENTRY--PERSONAL NAME
Personal name Basu, Durga Das
245 1# - TITLE STATEMENT
Title Administrative Law
Statement of responsibility, etc by Durga Das Basu, A.K. Nandi
250 ## - EDITION STATEMENT
Edition statement 5th ed
260 ## - PUBLICATION, DISTRIBUTION, ETC. (IMPRINT)
Place of publication, distribution, etc Culcutta
Name of publisher, distributor, etc Kamal Law House
Date of publication, distribution, etc 2000r
300 ## - PHYSICAL DESCRIPTION
Extent 768 p
Dimensions 24.5 cm (HB)
500 ## - GENERAL NOTE
General note This is reprint 2000
700 ## - ADDED ENTRY--PERSONAL NAME
Personal name Nandi, A.K.
942 ## - ADDED ENTRY ELEMENTS (KOHA)
Institution code [OBSOLETE] dpl
Koha item type English Books
Call number prefix 342.5406 / BAS
Holdings
Withdrawn status Lost status Source of classification or shelving scheme Damaged status Not for loan Home library Current library Cost, normal purchase price Total Checkouts Full call number Barcode Date last seen Uniform Resource Identifier Cost, replacement price Price effective from Koha item type
    Dewey Decimal Classification     Sarojini Nagar Sarojini Nagar 600.00   342.5406 BAS B-119957 15/09/2008 3518 600.00 15/09/2008 English Books

© Delhi Public Library
Hit Counter
free hit counter